| 000 | 00664nam a22002417a 4500 | ||
|---|---|---|---|
| 005 | 20160125052420.0 | ||
| 008 | 150410b xxu||||| |||| 00| 0 eng d | ||
| 020 | _a9780071779722 | ||
| 020 | _a0071779728 | ||
| 041 | 0 | _aeng | |
| 080 | _a004 | ||
| 100 | 1 | _aPrusinski Ben, | |
| 245 | 0 |
_aOracle E-Business Suite Financials Handbook: _cBen Prusinski; Gustavo Gonzales. |
|
| 250 | _a3'rd edition | ||
| 260 |
_aUnited States of America: _bMcGraw-Hill; _c2013 |
||
| 300 |
_a750 f.: _bme il.; _c23 cm |
||
| 505 | _aIndex: f. 715 - 750 | ||
| 650 | _aKompjuterat | ||
| 650 | _aSistemi i informacionit | ||
| 650 | _aBiznesi | ||
| 650 | _aFinancë | ||
| 942 |
_2udc _cBK |
||
| 999 |
_c670 _d670 |
||